000 01010nam0a22002651 4500
001 rc\4105696
005 20250611093045.0
021 _aRU
_b[53-40024]
035 _a(NLR Aleph) 008142004
090 _a9490350
_c9490350
100 _a20130415d1953 |||y0rusy50 ca
101 0 _arus
102 _aRU
105 _ay z |||||
200 1 _aРасчеты организаций "Заготзерна" с государственным бюджетом
_e(Пособие для инспекторов гос. доходов)
210 _aМосква
_cГосфиниздат
_d1953
215 _a104 с.
_d22
606 _aГосударственные доходы
_xПоступления
_2psbo
606 _aЗаготовительные организации
_xОтчисления в бюджет
_2psbo
700 1 _aМохорт
_bИ.С.
_gИван Сильвестрович
801 0 _aRU
_bNLR
_gpsbo
801 1 _aRU
_bELAR
_2rusmarc
852 _aNLR
_jЭк64 Г-5/131
942 _cBOOK
980 _aNB